[Event "GER-chT U20"]
[Site "Kiel"]
[Date "2022.07.23"]
[Round "1.1"]
[White "Kotyk, Michael"]
[Black "Wachtel, Arthur"]
[Result "1-0"]
[WhiteElo "2112"]
[BlackElo "1946"]
[PlyCount "47"]
[EventDate "2022.07.22"]
[EventType "team-swiss"]
[EventRounds "7"]
[EventCountry "GER"]
[SourceTitle "CBM 209 Extra"]
[Source "ChessBase"]
[SourceDate "2022.09.30"]
[SourceVersion "1"]
[SourceVersionDate "2022.09.30"]
[SourceQuality "1"]
[WhiteTeam "Hamburger SK"]
[BlackTeam "Augsburg"]
[WhiteTeamCountry "GER"]
[BlackTeamCountry "GER"]

1. d4 Nf6 2. c4 g6 3. g3 Bg7 4. Bg2 0-0 5. Nc3 d6 6. Nf3 Nbd7 7. 0-0 c6 8. e4 e5 9. h3 Qb6 10. d5 Nc5 11. Qe2 a5 12. Kh2 Qc7 13. Ne1 Re8 14. Rb1 h6 15. b3 Kh7 16. Be3 cxd5 17. cxd5 b6 18. Qd2 Ba6 19. Rg1 Rac8 20. a3 Red8 21. b4 Ncd7 22. Rc1 Qb7 23. b5 Rxc3 24. bxa6 1-0

[Event "GER-chT U20"]
[Site "Kiel"]
[Date "2022.07.23"]
[Round "2.6"]
[White "Wachtel, Arthur"]
[Black "Beetz, Ole"]
[Result "0-1"]
[WhiteElo "1946"]
[BlackElo "1601"]
[PlyCount "110"]
[EventDate "2022.07.22"]
[EventType "team-swiss"]
[EventRounds "7"]
[EventCountry "GER"]
[SourceTitle "CBM 209 Extra"]
[Source "ChessBase"]
[SourceDate "2022.09.30"]
[SourceVersion "1"]
[SourceVersionDate "2022.09.30"]
[SourceQuality "1"]
[WhiteTeam "Augsburg"]
[BlackTeam "Essen Katernberg"]
[WhiteTeamCountry "GER"]
[BlackTeamCountry "GER"]

1. e4 c5 2. Nf3 d6 3. Bb5+ Bd7 4. Bxd7+ Qxd7 5. c4 e5 6. 0-0 g6 7. Nc3 Bg7 8. d3 Ne7 9. h3 0-0 10. Nh2 Nbc6 11. Be3 f5 12. f3 f4 13. Bf2 Nd4 14. Re1 Rab8 15. Rb1 h5 16. a3 Bf6 17. b4 b6 18. Nf1 Kf7 19. Qa4 Qxa4 20. Nxa4 Nec6 21. Rb2 Rfc8 22. Nc3 g5 23. Bxd4 exd4 24. Nd5 Ne5 25. Rd1 a5 26. Kf2 b5 27. cxb5 Rxb5 28. a4 Rbb8 29. b5 c4 30. dxc4 Rxc4 31. Nxf6 Kxf6 32. Ra2 d3 33. Nd2 Rc2 34. Rda1 Rc3 35. Rb1 Ke6 36. Nb3 Nc4 37. Nd4+ Kd7 38. Nc6 Rb7 39. Rd1 Kc7 40. Nd4 Kb6 41. Ne6 Rb8 42. h4 Ne3 43. Rdd2 Rbc8 44. hxg5 Nc4 45. Nxf4 Nxd2 46. Nd5+ Kb7 47. Rxd2 Ra3 48. Ke3 Rc2 49. Nf4 Rxd2 50. Kxd2 Rxa4 51. Kxd3 Ra1 52. g6 Rc1 53. g7 Rc8 54. Nd5 Rg8 55. Kc3 Rxg7 0-1

[Event "GER-chT U20"]
[Site "Willingen"]
[Date "2021.06.27"]
[Round "7"]
[White "Biermann, Lenhard"]
[Black "Wachtel, Arthur"]
[Result "1/2-1/2"]
[WhiteElo "2083"]
[BlackElo "1940"]
[PlyCount "83"]
[EventDate "2021.06.24"]
[EventType "team-swiss"]
[EventRounds "7"]
[EventCountry "GER"]
[SourceTitle "CBM 203 Extra"]
[Source "ChessBase"]
[SourceDate "2021.09.30"]
[SourceVersion "1"]
[SourceVersionDate "2021.09.30"]
[SourceQuality "1"]
[WhiteTeam "Bochum"]
[BlackTeam "Augsburg"]
[WhiteTeamCountry "GER"]
[BlackTeamCountry "GER"]

1. d4 Nf6 2. Nf3 g6 3. c4 Bg7 4. e3 0-0 5. Be2 d6 6. 0-0 b6 7. Nc3 Bb7 8. Qc2 Nbd7 9. a3 e6 10. b4 Qe7 11. Bb2 c5 12. Rac1 Rfc8 13. Qb1 Rab8 14. Rfd1 a6 15. Qa1 Rc7 16. h3 Rbc8 17. Bf1 Ne4 18. Qb1 Ng5 19. Nxg5 Qxg5 20. Ne4 Bxe4 21. Qxe4 cxb4 22. axb4 Qd8 23. Ra1 Nb8 24. Qb1 Ra7 25. Bc3 Nd7 26. Qb3 Qc7 27. Ra3 Nb8 28. Rda1 h5 29. Be2 Kf8 30. Qa2 Kg8 31. Rc1 Qd7 32. Ra1 Qc7 33. Qb3 Kf8 34. Bd3 Kg8 35. Bd2 Qd7 36. R1a2 Qc7 37. Qd1 Qb7 38. Qe2 Qc7 39. Qf3 Qb7 40. Qe2 Qc7 41. Qf3 Qb7 42. Qe2 1/2-1/2

[Event "GER-chT U20"]
[Site "Willingen"]
[Date "2021.06.24"]
[Round "2"]
[White "Wachtel, Arthur"]
[Black "Meyling, Lennart"]
[Result "0-1"]
[WhiteElo "1940"]
[BlackElo "2044"]
[PlyCount "86"]
[EventDate "2021.06.24"]
[EventType "team-swiss"]
[EventRounds "7"]
[EventCountry "GER"]
[SourceTitle "CBM 203 Extra"]
[Source "ChessBase"]
[SourceDate "2021.09.30"]
[SourceVersion "1"]
[SourceVersionDate "2021.09.30"]
[SourceQuality "1"]
[WhiteTeam "Augsburg"]
[BlackTeam "Hamburger SK"]
[WhiteTeamCountry "GER"]
[BlackTeamCountry "GER"]

1. e4 d5 2. exd5 Qxd5 3. Nc3 Qd6 4. d4 Nf6 5. Bc4 a6 6. Bb3 g6 7. Nge2 Bg7 8. Bf4 Qd8 9. 0-0 0-0 10. Qd2 b6 11. Rad1 Bb7 12. Bh6 Nc6 13. Bxg7 Kxg7 14. a3 Qd6 15. Rfe1 Rad8 16. Qe3 Ng4 17. Qf4 Qxf4 18. Nxf4 Rfe8 19. Nce2 e5 20. dxe5 Ngxe5 21. Nc3 Nd4 22. Ne6+ fxe6 23. Rxe5 Nxb3 24. Rxd8 Rxd8 25. cxb3 Kf6 26. Re1 Rd2 27. Re2 Rxe2 28. Nxe2 c5 29. Nc3 b5 30. f3 Ke5 31. Ne2 Bd5 32. Nc1 Kd4 33. Kf2 g5 34. h3 e5 35. Ke2 e4 36. fxe4 Bxe4 37. Kf2 h5 38. g3 h4 39. g4 Bd5 40. Ne2+ Kd3 41. b4 c4 42. Nc3 Bc6 43. Ne2 Bb7 0-1

[Event "Landesliga Sued 1819"]
[Site "Bayern"]
[Date "2019.02.24"]
[Round "7.7"]
[White "Wachtel, Arthur"]
[Black "Stoer, Andreas"]
[Result "0-1"]
[WhiteElo "2001"]
[BlackElo "2111"]
[PlyCount "34"]
[EventDate "2018.10.21"]
[EventType "team-tourn"]
[EventRounds "9"]
[EventCountry "GER"]
[SourceTitle "EXT 2022"]
[Source "ChessBase"]
[SourceDate "2021.10.06"]
[SourceVersion "1"]
[SourceVersionDate "2021.10.06"]
[SourceQuality "1"]
[WhiteTeam "Freising SK"]
[BlackTeam "Kriegshaber SK"]
[WhiteTeamCountry "GER"]
[BlackTeamCountry "GER"]

1. e4 e5 2. Nf3 Nc6 3. Bc4 Bc5 4. c3 Nf6 5. d3 a6 6. h3 0-0 7. Bb3 d5 8. exd5 Nxd5 9. 0-0 Ba7 10. Nbd2 Nf4 11. Nc4 Nxd3 12. Bg5 Qd7 13. Qe2 Qf5 14. Bc2 e4 15. Nfd2 Qxg5 16. Qxe4 Bf5 17. Qf3 Rad8 0-1

[Event "Landesliga Sued 1819"]
[Site "Bayern"]
[Date "2019.02.03"]
[Round "6.8"]
[White "Wachtel, Arthur"]
[Black "Schrader, Jan Erik"]
[Result "1/2-1/2"]
[WhiteElo "2001"]
[BlackElo "2006"]
[PlyCount "60"]
[EventDate "2018.10.21"]
[EventType "team-tourn"]
[EventRounds "9"]
[EventCountry "GER"]
[SourceTitle "EXT 2022"]
[Source "ChessBase"]
[SourceDate "2021.10.06"]
[SourceVersion "1"]
[SourceVersionDate "2021.10.06"]
[SourceQuality "1"]
[WhiteTeam "Freising SK"]
[BlackTeam "Groebenzell"]
[WhiteTeamCountry "GER"]
[BlackTeamCountry "GER"]

1. e4 e6 2. d4 d5 3. exd5 exd5 4. Bd3 Bd6 5. Qf3 c6 6. Ne2 Ne7 7. Nbc3 Nd7 8. Bg5 f6 9. Bf4 Nf8 10. 0-0-0 Ne6 11. Bxd6 Qxd6 12. h4 Bd7 13. Qh5+ g6 14. Qf3 0-0-0 15. h5 f5 16. Qe3 f4 17. Qd2 g5 18. Ng1 h6 19. Be2 Rhf8 20. Bg4 Ng7 21. Bxd7+ Qxd7 22. Nf3 Nef5 23. Ne5 Qd6 24. Ne2 Rde8 25. c3 Qc7 26. Ng1 Nd6 27. Ngf3 Ne4 28. Qc2 Nf5 29. Kb1 Kb8 30. Ka1 Kc8 1/2-1/2

[Event "Landesliga Sued 1819"]
[Site "Bayern"]
[Date "2018.11.11"]
[Round "2.8"]
[White "Wachtel, Arthur"]
[Black "Reisser, Simon"]
[Result "1-0"]
[WhiteElo "2001"]
[BlackElo "1925"]
[PlyCount "83"]
[EventDate "2018.10.21"]
[EventType "team-tourn"]
[EventRounds "9"]
[EventCountry "GER"]
[SourceTitle "EXT 2022"]
[Source "ChessBase"]
[SourceDate "2021.10.06"]
[SourceVersion "1"]
[SourceVersionDate "2021.10.06"]
[SourceQuality "1"]
[WhiteTeam "Freising SK"]
[BlackTeam "Trostberg TSV"]
[WhiteTeamCountry "GER"]
[BlackTeamCountry "GER"]

1. e4 e5 2. Nf3 Nc6 3. Bc4 Bc5 4. c3 Nf6 5. d3 d6 6. Nbd2 0-0 7. Bb3 Bg4 8. Nf1 Qe7 9. h3 Be6 10. Bc2 h6 11. Ng3 d5 12. Qe2 b5 13. Nh4 dxe4 14. Nhf5 Qd7 15. dxe4 Bc4 16. Qf3 b4 17. Nxh6+ Kh7 18. Ng4 Be7 19. Nf5 bxc3 20. bxc3 Rad8 21. Nxe7 Qxe7 22. Bg5 Nb4 23. Bb1 Nd3+ 24. Bxd3 Rxd3 25. Nxf6+ gxf6 26. Bxf6 Rxf3 27. Bxe7 Re8 28. gxf3 Rxe7 29. Rd1 Bxa2 30. Ke2 Bc4+ 31. Ke3 a5 32. Ra1 Rd7 33. Rhd1 Rxd1 34. Rxd1 a4 35. Ra1 Bb3 36. f4 Kh6 37. fxe5 c5 38. f4 Kh5 39. f5 Kh4 40. e6 fxe6 41. fxe6 Bxe6 42. Rxa4 1-0

[Event "Landesliga Sued 1819"]
[Site "Bayern"]
[Date "2018.10.21"]
[Round "1.8"]
[White "Spiesberger, Gerhard"]
[Black "Wachtel, Arthur"]
[Result "1/2-1/2"]
[WhiteElo "2011"]
[BlackElo "2001"]
[PlyCount "37"]
[EventDate "2018.10.21"]
[EventType "team-tourn"]
[EventRounds "9"]
[EventCountry "GER"]
[SourceTitle "EXT 2022"]
[Source "ChessBase"]
[SourceDate "2021.10.06"]
[SourceVersion "1"]
[SourceVersionDate "2021.10.06"]
[SourceQuality "1"]
[WhiteTeam "Rottal Inn"]
[BlackTeam "Freising SK"]
[WhiteTeamCountry "GER"]
[BlackTeamCountry "GER"]

1. e4 e6 2. Nc3 d5 3. d3 Nf6 4. Nf3 dxe4 5. Nxe4 Nxe4 6. dxe4 Qxd1+ 7. Kxd1 Bd7 8. Be3 Bc6 9. Bd3 Nd7 10. Nd4 Ne5 11. Nxc6 Nxc6 12. Ke2 0-0-0 13. c3 Ne5 14. Rad1 Nxd3 15. Rxd3 Rxd3 16. Kxd3 Be7 17. Rd1 Rd8+ 18. Ke2 Rxd1 19. Kxd1 1/2-1/2

[Event "GER-ch U25-A"]
[Site "Willingen"]
[Date "2018.05.23"]
[Round "6"]
[White "Wachtel, Arthur"]
[Black "Bartelt, Max Peter"]
[Result "1/2-1/2"]
[WhiteElo "1908"]
[BlackElo "1792"]
[PlyCount "63"]
[EventDate "2018.05.19"]
[EventType "swiss"]
[EventRounds "9"]
[EventCountry "GER"]
[SourceTitle "CBM 184 Extra"]
[Source "ChessBase"]
[SourceDate "2018.06.28"]
[SourceVersion "1"]
[SourceVersionDate "2018.06.28"]
[SourceQuality "1"]

1. e4 c5 2. Nf3 d6 3. Bb5+ Bd7 4. Bxd7+ Qxd7 5. c4 Nc6 6. d4 cxd4 7. Nxd4 Nf6 8. Nc3 g6 9. b3 Bg7 10. Bb2 0-0 11. 0-0 a6 12. Nxc6 bxc6 13. Na4 Qc7 14. Re1 Nd7 15. Bxg7 Kxg7 16. Qd4+ Kg8 17. Rac1 Rfd8 18. h3 c5 19. Qe3 Ne5 20. f4 Nc6 21. e5 Nd4 22. Nc3 e6 23. Qf2 Rac8 24. Rcd1 d5 25. cxd5 exd5 26. Na4 Nb5 27. Rc1 d4 28. Nxc5 Nc3 29. Nd3 Qa5 30. Rc2 Qb5 31. Qd2 Rc6 32. Nb2 1/2-1/2

[Event "Regionalliga Sued-Ost 1718"]
[Site "Bayern"]
[Date "2018.03.18"]
[Round "8.8"]
[White "Wachtel, Arthur"]
[Black "Moser, Wolfgang"]
[Result "1-0"]
[WhiteElo "1908"]
[BlackElo "1994"]
[PlyCount "75"]
[EventDate "2017.10.22"]
[EventType "team-tourn"]
[EventRounds "9"]
[EventCountry "GER"]
[SourceTitle "EXT 2022"]
[Source "ChessBase"]
[SourceDate "2021.10.06"]
[SourceVersion "1"]
[SourceVersionDate "2021.10.06"]
[SourceQuality "1"]
[WhiteTeam "Freising SK"]
[BlackTeam "Trostberg TSV"]
[WhiteTeamCountry "GER"]
[BlackTeamCountry "GER"]

1. g3 Nf6 2. Bg2 g6 3. Nf3 Bg7 4. 0-0 0-0 5. d3 d6 6. Nc3 e5 7. Bg5 h6 8. Bd2 c6 9. Qc1 Kh7 10. Kh1 Be6 11. e4 Qd7 12. Nh4 Bh3 13. f3 Bxg2+ 14. Kxg2 Na6 15. h3 Nc7 16. f4 Rae8 17. f5 d5 18. Kh2 Qe7 19. Rg1 Nh5 20. Qe1 Bf6 21. Qf2 g5 22. Nf3 b6 23. Rh1 Rg8 24. Rag1 Rd8 25. Rg2 Ne8 26. Qe2 Neg7 27. Kg1 Qc5+ 28. Kf1 d4 29. Nd1 Qxc2 30. h4 g4 31. Ng5+ hxg5 32. hxg5 Bxg5 33. Bxg5 Qxe2+ 34. Kxe2 Rh8 35. Bxd8 Rxd8 36. f6 Rh8 37. fxg7 Kxg7 38. Kd2 1-0

[Event "Regionalliga Sued-Ost 1718"]
[Site "Bayern"]
[Date "2018.02.25"]
[Round "7.8"]
[White "Huber, Josef1111"]
[Black "Wachtel, Arthur"]
[Result "1-0"]
[WhiteElo "1905"]
[BlackElo "1908"]
[PlyCount "33"]
[EventDate "2017.10.22"]
[EventType "team-tourn"]
[EventRounds "9"]
[EventCountry "GER"]
[SourceTitle "EXT 2022"]
[Source "ChessBase"]
[SourceDate "2021.10.06"]
[SourceVersion "1"]
[SourceVersionDate "2021.10.06"]
[SourceQuality "1"]
[WhiteTeam "Bruckmuehl SK"]
[BlackTeam "Freising SK"]
[WhiteTeamCountry "GER"]
[BlackTeamCountry "GER"]

1. e4 e6 2. d4 d5 3. e5 c5 4. c3 Nc6 5. Nf3 Qb6 6. Be2 Nh6 7. 0-0 Nf5 8. dxc5 Bxc5 9. Nbd2 Qc7 10. Nb3 Bb6 11. Re1 0-0 12. Bd3 Nfe7 13. Bxh7+ Kxh7 14. Ng5+ Kg6 15. Qg4 f5 16. exf6 Kxf6 17. Nxe6 1-0

[Event "Regionalliga Sued-Ost 1718"]
[Site "Bayern"]
[Date "2018.02.04"]
[Round "6.8"]
[White "Wachtel, Arthur"]
[Black "Batzdorf, Arne"]
[Result "1/2-1/2"]
[WhiteElo "1908"]
[BlackElo "1848"]
[PlyCount "80"]
[EventDate "2017.10.22"]
[EventType "team-tourn"]
[EventRounds "9"]
[EventCountry "GER"]
[SourceTitle "EXT 2022"]
[Source "ChessBase"]
[SourceDate "2021.10.06"]
[SourceVersion "1"]
[SourceVersionDate "2021.10.06"]
[SourceQuality "1"]
[WhiteTeam "Freising SK"]
[BlackTeam "Groebenzell II"]
[WhiteTeamCountry "GER"]
[BlackTeamCountry "GER"]

1. e4 c5 2. Nf3 e6 3. d3 Nc6 4. Nbd2 a6 5. g3 Nf6 6. Bg2 Be7 7. 0-0 Qc7 8. Re1 d6 9. Nf1 e5 10. Ne3 Be6 11. Nh4 g6 12. Nf3 Nh5 13. Bd2 Ng7 14. Qc1 f6 15. c3 h5 16. Nh4 Kf7 17. f4 exf4 18. gxf4 f5 19. exf5 Nxf5 20. Nhxf5 gxf5 21. Nd5 Qd8 22. Qd1 Qg8 23. Qf3 Rc8 24. Nxe7 Kxe7 25. d4 cxd4 26. cxd4 Nxd4 27. Qxb7+ Kf6 28. Bc3 Rxc3 29. bxc3 Nc2 30. Qxa6 Nxa1 31. Rxa1 Qc8 32. Qd3 Rg8 33. Kh1 Qc5 34. a4 Bc4 35. Qd4+ Qxd4 36. cxd4 Rb8 37. a5 Ba6 38. Bf1 Bxf1 39. Rxf1 Ra8 40. Ra1 Ke6 1/2-1/2

[Event "Berlin Lichtenberger op 16th"]
[Site "Berlin"]
[Date "2017.08.24"]
[Round "6"]
[White "Wachtel, Arthur"]
[Black "Moser, Axel"]
[Result "0-1"]
[WhiteElo "1803"]
[BlackElo "2159"]
[PlyCount "62"]
[EventDate "2017.08.19"]
[EventType "swiss"]
[EventRounds "9"]
[EventCountry "GER"]
[SourceTitle "CBM 180 Extra"]
[Source "ChessBase"]
[SourceDate "2017.10.06"]
[SourceVersion "1"]
[SourceVersionDate "2017.10.06"]
[SourceQuality "1"]

1. e4 e5 2. Nf3 Nc6 3. Bc4 Nf6 4. d3 h6 5. c3 d6 6. Nbd2 g6 7. Bb3 Bg7 8. Nf1 0-0 9. Ng3 Na5 10. Bc2 c5 11. h3 Nc6 12. Be3 b6 13. Qd2 Kh7 14. Nh2 d5 15. Qc1 d4 16. Bd2 dxc3 17. bxc3 Ba6 18. c4 Nb4 19. Bxb4 cxb4 20. 0-0 Qd6 21. Qe3 Nd7 22. Rad1 Nc5 23. Qd2 Bb7 24. f4 exf4 25. Rxf4 Ne6 26. Rg4 Nd4 27. Rf1 Nxc2 28. Qxc2 Be5 29. Nf3 Bxg3 30. d4 f5 31. e5 Bxe5 0-1

[Event "Berlin Lichtenberger op 16th"]
[Site "Berlin"]
[Date "2017.08.22"]
[Round "4"]
[White "Heuser, Philip"]
[Black "Wachtel, Arthur"]
[Result "1-0"]
[WhiteElo "2041"]
[BlackElo "1803"]
[PlyCount "61"]
[EventDate "2017.08.19"]
[EventType "swiss"]
[EventRounds "9"]
[EventCountry "GER"]
[SourceTitle "CBM 180 Extra"]
[Source "ChessBase"]
[SourceDate "2017.10.06"]
[SourceVersion "1"]
[SourceVersionDate "2017.10.06"]
[SourceQuality "1"]

1. d4 Nf6 2. c4 g6 3. g3 Bg7 4. Bg2 0-0 5. Nc3 d6 6. Nf3 Nbd7 7. 0-0 e5 8. e4 c6 9. h3 Re8 10. Re1 Qb6 11. d5 cxd5 12. cxd5 Nc5 13. Rb1 a5 14. Be3 Bd7 15. Nd2 Qc7 16. Bf1 Reb8 17. a3 Rc8 18. b4 axb4 19. axb4 Na4 20. Ne2 Nc3 21. Nxc3 Qxc3 22. Rb3 Qc7 23. Nc4 Ba4 24. Nb6 Nxe4 25. Nxa8 Rxa8 26. Ra3 Qc3 27. Qa1 Qxb4 28. Rb1 Qa5 29. Bb6 Qxd5 30. Rxa4 Rc8 31. Ra8 1-0

[Event "EU Union-ch U14"]
[Site "Kouty nad Desnou"]
[Date "2016.08.14"]
[Round "9"]
[White "Wachtel, Arthur"]
[Black "Pasti, Anna"]
[Result "1/2-1/2"]
[WhiteElo "1770"]
[BlackElo "1452"]
[PlyCount "58"]
[EventDate "2016.08.06"]
[EventType "swiss"]
[EventRounds "9"]
[EventCountry "CZE"]
[SourceTitle "CBM 174 Extra"]
[Source "ChessBase"]
[SourceDate "2016.10.10"]
[SourceVersion "1"]
[SourceVersionDate "2016.10.10"]
[SourceQuality "1"]

1. e4 e5 2. Nf3 Nc6 3. Bc4 Nf6 4. d3 Be7 5. c3 0-0 6. Bb3 d6 7. Nbd2 a6 8. Nf1 d5 9. Qe2 dxe4 10. dxe4 Bd7 11. Ng3 Bc5 12. 0-0 Qe7 13. Nh4 Bg4 14. Nf3 Nh5 15. Kh1 Qf6 16. Nxh5 Bxh5 17. h3 Bxf3 18. Qxf3 Qxf3 19. gxf3 Kh8 20. Bg5 Na5 21. Bc2 h6 22. Bh4 Nc4 23. b4 Ba7 24. Rad1 Nd6 25. Bb3 g5 26. Bg3 f6 27. h4 Rad8 28. a4 Rfe8 29. Rd2 Nxe4 1/2-1/2

[Event "EU Union-ch U14"]
[Site "Kouty nad Desnou"]
[Date "2016.08.11"]
[Round "6"]
[White "Wachtel, Arthur"]
[Black "Sankova, Stella"]
[Result "1/2-1/2"]
[WhiteElo "1770"]
[BlackElo "1898"]
[PlyCount "56"]
[EventDate "2016.08.06"]
[EventType "swiss"]
[EventRounds "9"]
[EventCountry "CZE"]
[SourceTitle "CBM 174 Extra"]
[Source "ChessBase"]
[SourceDate "2016.10.10"]
[SourceVersion "1"]
[SourceVersionDate "2016.10.10"]
[SourceQuality "1"]

1. g3 d5 2. Bg2 c6 3. d3 Nf6 4. Nd2 e5 5. e4 Bd6 6. Ngf3 0-0 7. 0-0 Bg4 8. h3 Bh5 9. Re1 Nbd7 10. a3 a5 11. b3 d4 12. Bb2 Bc7 13. Nf1 b5 14. g4 Bg6 15. Ng3 Nc5 16. Nh4 Ne6 17. Nhf5 Nf4 18. Qf3 Nd7 19. Ne2 Nxe2+ 20. Qxe2 Nc5 21. Rac1 f6 22. Qf3 Bf7 23. Qd1 Rc8 24. Ba1 Bb6 25. b4 axb4 26. axb4 Ne6 27. c4 Nf4 28. cxb5 c5 1/2-1/2

[Event "EU Union-ch U14"]
[Site "Kouty nad Desnou"]
[Date "2016.08.08"]
[Round "3"]
[White "Jazdanovs, Aleksandrs"]
[Black "Wachtel, Arthur"]
[Result "0-1"]
[WhiteElo "2040"]
[BlackElo "1770"]
[PlyCount "52"]
[EventDate "2016.08.06"]
[EventType "swiss"]
[EventRounds "9"]
[EventCountry "CZE"]
[SourceTitle "CBM 174 Extra"]
[Source "ChessBase"]
[SourceDate "2016.10.10"]
[SourceVersion "1"]
[SourceVersionDate "2016.10.10"]
[SourceQuality "1"]

1. Nf3 g6 2. e4 Bg7 3. c3 d6 4. g3 Nd7 5. Bg2 e5 6. 0-0 Ne7 7. d3 0-0 8. b4 h6 9. Ne1 Kh7 10. f4 exf4 11. Bxf4 a5 12. b5 Nc5 13. d4 Ne6 14. a4 d5 15. e5 Nxf4 16. Rxf4 Be6 17. Nc2 c6 18. bxc6 bxc6 19. Nd2 Rb8 20. Ne1 c5 21. g4 Qb6 22. Rb1 Qa7 23. Rxb8 Rxb8 24. Nb3 cxd4 25. Qxd4 Qc7 26. Qc5 Bxe5 0-1

[Event "Stuttgart-chB int"]
[Site "Ditzingen"]
[Date "2016.05.07"]
[Round "5"]
[White "Matic, Marijo"]
[Black "Wachtel, Arthur"]
[Result "0-1"]
[WhiteElo "1567"]
[BlackElo "1706"]
[PlyCount "72"]
[EventDate "2016.05.05"]
[EventType "swiss"]
[EventRounds "7"]
[EventCountry "GER"]
[SourceTitle "EXT 2018"]
[Source "ChessBase"]
[SourceDate "2017.10.13"]
[SourceVersion "1"]
[SourceVersionDate "2017.10.13"]
[SourceQuality "1"]

1. d4 e6 2. e3 b6 3. Nf3 Bb7 4. Bd3 Nf6 5. Nbd2 Be7 6. c3 0-0 7. e4 d6 8. 0-0 h6 9. e5 dxe5 10. Nxe5 Nbd7 11. Ndf3 Nxe5 12. Nxe5 c5 13. Be3 cxd4 14. Bxd4 Qd5 15. f3 Bc5 16. Bc4 Qxe5 17. Kh1 Bxd4 18. cxd4 Qd6 19. Qe2 Rac8 20. a3 Qxd4 21. Bb3 Nd5 22. Rfe1 Nf4 23. Qe5 Qxe5 24. Rxe5 Nd5 25. h3 Rc5 26. Rd1 Rfc8 27. Rd2 Nf6 28. Re3 Bd5 29. Bd1 Ne8 30. Kh2 Nd6 31. b3 Nf5 32. Red3 Rc3 33. Rxd5 exd5 34. Rxd5 Ne3 35. Rd7 Nxd1 36. Rxd1 Rxb3 0-1

[Event "Stuttgart-chB int"]
[Site "Ditzingen"]
[Date "2016.05.05"]
[Round "1"]
[White "Wagner, Herbert"]
[Black "Wachtel, Arthur"]
[Result "0-1"]
[WhiteElo "1404"]
[BlackElo "1706"]
[PlyCount "140"]
[EventDate "2016.05.05"]
[EventType "swiss"]
[EventRounds "7"]
[EventCountry "GER"]
[SourceTitle "EXT 2018"]
[Source "ChessBase"]
[SourceDate "2017.10.13"]
[SourceVersion "1"]
[SourceVersionDate "2017.10.13"]
[SourceQuality "1"]

1. d4 e6 2. Nf3 b6 3. e3 Bb7 4. c4 Nf6 5. Bd3 Be7 6. Nc3 0-0 7. 0-0 d5 8. cxd5 Nxd5 9. Nxd5 Bxd5 10. Re1 Bb7 11. Qc2 h6 12. e4 Nc6 13. Be3 Nb4 14. Qe2 Nxd3 15. Qxd3 Rc8 16. Rad1 c5 17. Ne5 Bf6 18. f3 Qe7 19. Ng4 Bxd4 20. Bxd4 cxd4 21. Qxd4 Rfd8 22. Qf2 Qb4 23. Ne3 Ba6 24. Rxd8+ Rxd8 25. Rd1 Rxd1+ 26. Nxd1 Qc4 27. b3 Qd3 28. Ne3 Qb1+ 29. Nf1 Bxf1 30. Qxf1 Qxa2 31. Qb5 Qa1+ 32. Kf2 Qd4+ 33. Kg3 Qd6+ 34. e5 Qe7 35. f4 Qc7 36. Qd3 g6 37. Kf3 Kf8 38. g4 Qc6+ 39. Kg3 Qd5 40. Qc3 Qc5 41. Qd3 Ke7 42. h4 g5 43. hxg5 hxg5 44. Kf3 gxf4 45. Kxf4 Qc1+ 46. Kf3 Qh1+ 47. Kg3 Qg1+ 48. Kf3 Qh1+ 49. Kg3 Qe1+ 50. Kf4 Qc1+ 51. Kf3 Qc6+ 52. Kg3 Qd5 53. Qc3 Qc5 54. Qb2 a5 55. Kf3 b5 56. Kf4 b4 57. Qd2 Qd5 58. Qc2 Qd4+ 59. Qe4 Qxe4+ 60. Kxe4 Kd7 61. Kd4 Kc6 62. Kc4 Kb6 63. g5 Kc6 64. Kd4 Kb5 65. Kd3 a4 66. bxa4+ Kxa4 67. Kc4 b3 68. Kc5 b2 69. Kd6 b1Q 70. Ke7 Qf5 0-1

[Event "Landesliga U20 Nord 1516"]
[Site "Bayern"]
[Date "2016.01.23"]
[Round "4.1"]
[White "Wachtel, Arthur"]
[Black "Vuckovic, Zarko"]
[Result "0-1"]
[WhiteElo "1679"]
[BlackElo "1991"]
[PlyCount "58"]
[EventDate "2015.11.21"]
[EventType "team-tourn"]
[EventRounds "7"]
[EventCountry "GER"]
[SourceTitle "EXT 2022"]
[Source "ChessBase"]
[SourceDate "2021.10.06"]
[SourceVersion "1"]
[SourceVersionDate "2021.10.06"]
[SourceQuality "1"]
[WhiteTeam "Freising SK U20"]
[BlackTeam "Augsburg SF U20"]
[WhiteTeamCountry "GER"]
[BlackTeamCountry "GER"]

1. e4 c5 2. Nf3 Nc6 3. Bb5 Na5 4. 0-0 a6 5. Be2 g6 6. d3 Bg7 7. Nc3 d6 8. Bd2 Nf6 9. h3 0-0 10. Nh2 b5 11. a3 Bb7 12. Ng4 Nxg4 13. Bxg4 f5 14. exf5 gxf5 15. Bf3 e6 16. Qe2 Qd7 17. Rab1 Nc6 18. Be3 f4 19. Bd2 Nd4 20. Qd1 Bxf3 21. gxf3 e5 22. Kh2 Rf6 23. Rh1 Rh6 24. Kg2 Rg6+ 25. Kf1 Rh6 26. Kg2 Qc6 27. Ne4 d5 28. Ng5 Rg6 29. h4 h6 0-1

[Event "Stuttgart-chB op"]
[Site "Ditzingen"]
[Date "2015.05.15"]
[Round "3"]
[White "Wachtel, Arthur"]
[Black "Gheng, Hannelore"]
[Result "1/2-1/2"]
[WhiteElo "1607"]
[BlackElo "1744"]
[PlyCount "35"]
[EventDate "2015.05.17"]
[EventType "swiss"]
[EventRounds "7"]
[EventCountry "GER"]
[SourceTitle "EXT 2018"]
[Source "ChessBase"]
[SourceDate "2017.10.13"]
[SourceVersion "1"]
[SourceVersionDate "2017.10.13"]
[SourceQuality "1"]

1. e4 c5 2. Nf3 d6 3. Bb5+ Bd7 4. Bxd7+ Nxd7 5. 0-0 e6 6. Qe2 Be7 7. d4 cxd4 8. Nxd4 Ngf6 9. c4 Rc8 10. b3 a6 11. Bb2 Rc5 12. Nc3 Rh5 13. Rad1 Qc7 14. Nf3 0-0 15. Rd2 Re8 16. Rfd1 Nb6 17. Qe3 d5 18. cxd5 1/2-1/2